000 00293nam a22001337a 4500
008 170914b xxu||||| |||| 00| 0 eng d
020 _a9780070707641
041 _aeng
080 _a7
100 _a44
101 _aART
245 _aTHEATER THE LIVELY ART
_cWILSON.E
942 _2udc
_cBK
999 _c27663
_d27663